On the causal directions between national income and government expenditure in Canada (Record no. 7944)

000 -LEADER
fixed length control field 00386pab a2200133 454500
008 - FIXED-LENGTH DATA ELEMENTS--GENERAL INFORMATION
fixed length control field 180718b1984 xxu||||| |||| 00| 0 eng d
100 ## - MAIN ENTRY--PERSONAL NAME
Personal name Sahni, Balbir S.
245 ## - TITLE STATEMENT
Title On the causal directions between national income and government expenditure in Canada
260 ## - PUBLICATION, DISTRIBUTION, ETC.
Date of publication, distribution, etc. 1984
300 ## - PHYSICAL DESCRIPTION
Extent 359-93
650 ## - SUBJECT ADDED ENTRY--TOPICAL TERM
Topical term or geographic name entry element Expenditures, Government - Canada
773 ## - HOST ITEM ENTRY
Main entry heading Public Finance
909 ## -
-- 7944
Holdings
Withdrawn status Lost status Damaged status Not for loan Permanent Location Current Location Date acquired Serial Enumeration / chronology Barcode Date last seen Price effective from Koha item type
        Indian Institute of Public Administration Indian Institute of Public Administration 2018-07-19 Volume no: 39, Issue no: 3 AR7957 2018-07-19 2018-07-19 Articles

Powered by Koha